[Event "Madrid-ch Previa-A"]
[Site "Madrid"]
[Date "2025.02.12"]
[Round "6.17"]
[White "Cujba, Anca Claudia"]
[Black "Balsera Gomez, Antonio"]
[Result "0-1"]
[WhiteElo "1747"]
[BlackElo "1873"]
[PlyCount "122"]
[GameId "2152567825408113"]
[EventDate "2025.02.03"]
[EventType "swiss"]
[EventRounds "9"]
[EventCountry "ESP"]

1. d4 d5 2. Bf4 c5 3. e3 Nc6 4. Nf3 cxd4 5. exd4 Bf5 6. c3 e6 7. Qb3 Qb6 8. Qxb6 axb6 9. a3 Kd7 10. Bb5 f6 11. Nbd2 Bd6 12. Bxd6 Kxd6 13. Rc1 Nge7 14. h3 h5 15. Nh4 Rac8 16. Nxf5+ Nxf5 17. O-O e5 18. dxe5+ fxe5 19. Rcd1 Ke6 20. Rfe1 Rcd8 21. Nf3 e4 22. Nd4+ Ncxd4 23. cxd4 Rc8 24. f3 Nd6 25. Ba4 Rc7 26. fxe4 Nxe4 27. Bb3 Kd6 28. Rc1 Rxc1 29. Rxc1 Rf8 30. Bd1 h4 31. Bf3 Nd2 32. Kf2 Nb3 33. Rd1 Rf4 34. Ke3 g5 35. Rd3 Na5 36. Bg4 Nc4+ 37. Ke2 Nxb2 38. Rd2 Nc4 39. Rd3 b5 40. Bc8 b6 41. Ba6 Re4+ 42. Kf2 Kc6 43. Bc8 Re8 44. Bg4 Ra8 45. Rf3 Rxa3 46. Rf6+ Nd6 47. Ke2 b4 48. Kd2 Ra2+ 49. Kd3 Rxg2 50. Rf1 Ne4 51. Rc1+ Kd6 52. Rc8 Nf2+ 53. Ke3 Nxg4+ 54. hxg4 b3 55. Kd3 b2 56. Rc2 Rg3+ 57. Kd2 b1=Q 58. Rc8 Qd3+ 59. Kc1 Rg1+ 60. Kb2 Rb1+ 61. Ka2 Qb3# 0-1

[Event "Madrid-ch Previa-A"]
[Site "Madrid"]
[Date "2025.02.12"]
[Round "6.18"]
[White "Ortega Molina, Tomas"]
[Black "Urosa Sanchez, Pablo"]
[Result "0-1"]
[WhiteElo "1736"]
[BlackElo "1829"]
[PlyCount "84"]
[GameId "2152571030483094"]
[EventDate "2025.02.03"]
[EventType "swiss"]
[EventRounds "9"]
[EventCountry "ESP"]

1. d4 d5 2. c4 e6 3. Nc3 Nf6 4. Bg5 Be7 5. e3 O-O 6. Nf3 Nbd7 7. cxd5 exd5 8. Bd3 c6 9. O-O Re8 10. a3 a5 11. Re1 Ne4 12. Bxe7 Qxe7 13. Qc2 Nf8 14. Na4 Ng6 15. Nb6 Rb8 16. Nxc8 Rbxc8 17. Nd2 Nxd2 18. Qxd2 Nh4 19. e4 dxe4 20. Rxe4 Qf6 21. Rae1 Rxe4 22. Rxe4 Ra8 23. Qe2 Ng6 24. h4 h6 25. h5 Nf8 26. g3 Rd8 27. Rf4 Qe6 28. Qf3 Nd7 29. Bc2 Nf6 30. Bb3 Qd6 31. d5 cxd5 32. Rf5 Qe6 33. g4 Qe4 34. Rxf6 gxf6 35. Qxf6 Qxg4+ 36. Kf1 Rc8 37. f3 Rc1+ 38. Ke2 Qe6+ 39. Qxe6 fxe6 40. Kd3 Kf7 41. Kd4 Kf6 42. Ke3 Rb1 0-1

[Event "Madrid-ch Previa-A"]
[Site "Madrid"]
[Date "2025.02.12"]
[Round "6.19"]
[White "Hernandez Gutierrez, Jose"]
[Black "Rubio Rivera, Felix"]
[Result "0-1"]
[WhiteElo "1825"]
[BlackElo "1727"]
[PlyCount "104"]
[GameId "2152571868266661"]
[EventDate "2025.02.03"]
[EventType "swiss"]
[EventRounds "9"]
[EventCountry "ESP"]

1. d4 d5 2. c4 e6 3. Nf3 Nf6 4. g3 Be7 5. Bg2 O-O 6. O-O dxc4 7. Qc2 c5 8. Qxc4 Nbd7 9. dxc5 Bxc5 10. b4 Be7 11. Nc3 Nb6 12. Qb3 Nbd5 13. a3 Nxc3 14. Qxc3 Nd5 15. Qb3 Bf6 16. Bb2 Bd7 17. Rfd1 Qe8 18. Rd2 Ba4 19. Qd3 Bxb2 20. Rxb2 Rc8 21. Qd4 b6 22. e4 Nf6 23. Ne5 Qd8 24. Qe3 Qd6 25. Nf3 Qc7 26. e5 Nd5 27. Qe1 Qc3 28. Qxc3 Rxc3 29. Ne1 Rfc8 30. Bxd5 exd5 31. f4 Kf8 32. Rd2 Rd8 33. Kf2 Ke7 34. Rd3 d4 35. Rxc3 dxc3 36. Rc1 c2 37. Ke2 Rd1 38. Nd3 g6 39. h3 h5 40. h4 a6 41. Ke3 Ke6 42. Kd4 Kf5 43. Kc3 Rxc1 44. Nxc1 Kg4 45. Kd2 Kxg3 46. Ne2+ Kxh4 47. Ke3 Bb5 48. Nc1 Kg4 49. Na2 Bc4 50. Nc1 h4 51. Kd4 b5 52. Kc3 h3 0-1

[Event "Madrid-ch Previa-A"]
[Site "Madrid"]
[Date "2025.02.12"]
[Round "6.20"]
[White "Aldea Moreno, Marina"]
[Black "Gonzalez Bolado, David"]
[Result "1-0"]
[WhiteElo "1823"]
[BlackElo "1583"]
[PlyCount "79"]
[GameId "2152583352533175"]
[EventDate "2025.02.03"]
[EventType "swiss"]
[EventRounds "9"]
[EventCountry "ESP"]

1. d4 Nf6 2. Bf4 g6 3. Nc3 d5 4. Qd2 Bg7 5. f3 O-O 6. Bh6 Re8 7. O-O-O Nbd7 8. Bxg7 Kxg7 9. f4 Ng4 10. e3 Ngf6 11. Nf3 Nb6 12. Ne5 Ng4 13. h3 Nxe5 14. dxe5 c6 15. g4 f6 16. Be2 fxe5 17. fxe5 Be6 18. h4 Nc4 19. Bxc4 dxc4 20. Qg2 Qc7 21. Qg3 Rad8 22. h5 Rh8 23. h6+ Kf7 24. Ne4 Ke8 25. Ng5 Rxd1+ 26. Rxd1 Qc8 27. Rg1 a5 28. Qg2 Bd5 29. e4 Be6 30. Qe2 b5 31. Qg2 a4 32. a3 c5 33. c3 b4 34. cxb4 cxb4 35. Qc2 b3 36. Qc3 Bxg4 37. e6 Rf8 38. Nxh7 Rf3 39. Qh8+ Rf8 40. Qxf8# 1-0

[Event "Madrid-ch Previa-A"]
[Site "Madrid"]
[Date "2025.02.12"]
[Round "6.21"]
[White "Martinez Miura, Enrique"]
[Black "Garcia Gonzalez, Pedro A"]
[Result "1-0"]
[WhiteElo "1685"]
[BlackElo "1816"]
[PlyCount "87"]
[GameId "2152584381354182"]
[EventDate "2025.02.03"]
[EventType "swiss"]
[EventRounds "9"]
[EventCountry "ESP"]

1. e4 e5 2. Nf3 Nc6 3. Bb5 a6 4. Ba4 Nf6 5. d3 d6 6. h3 b5 7. Bb3 Na5 8. Nbd2 Nxb3 9. Nxb3 Be7 10. O-O O-O 11. Re1 c5 12. a4 b4 13. Nbd2 Nd7 14. Nf1 f5 15. exf5 Rxf5 16. Ne3 Rf7 17. Nd5 Bb7 18. Nxe7+ Qxe7 19. Nh2 Raf8 20. f3 Qh4 21. Be3 Nf6 22. Bf2 Qg5 23. Qc1 Qg6 24. Kh1 Nh5 25. Qd2 Nf4 26. Be3 Qh5 27. Bxf4 Rxf4 28. Rf1 Qg6 29. c3 a5 30. Rac1 Ba6 31. Rcd1 bxc3 32. bxc3 Rxa4 33. Rfe1 Qf7 34. c4 Rb8 35. Rb1 Rab4 36. Rxb4 Rxb4 37. Ra1 Qb7 38. Ng4 Rb1+ 39. Rxb1 Qxb1+ 40. Kh2 Qb4 41. Qg5 h6 42. Nxh6+ Kh7 43. Nf5 Qb7 44. Ne7 1-0

[Event "Madrid-ch Previa-A"]
[Site "Madrid"]
[Date "2025.02.12"]
[Round "6.23"]
[White "Aquilino Rodriguez, Virgilio"]
[Black "Lopez de Turiso, Jose Angel"]
[Result "0-1"]
[WhiteElo "1675"]
[BlackElo "1967"]
[PlyCount "62"]
[GameId "2152597283995895"]
[EventDate "2025.02.03"]
[EventType "swiss"]
[EventRounds "9"]
[EventCountry "ESP"]

1. e4 e5 2. Nf3 Nc6 3. Bc4 Nf6 4. d3 Be7 5. O-O O-O 6. a3 d5 7. exd5 Nxd5 8. h3 Kh8 9. Re1 Nb6 10. Ba2 f6 11. Bd2 a6 12. Nc3 Nd4 13. Ne4 Bf5 14. Nxd4 Qxd4 15. Bc3 Qd7 16. Qf3 Bg6 17. Bb3 Rae8 18. Ng3 c6 19. Rad1 Nd5 20. d4 Nxc3 21. Qxc3 exd4 22. Rxd4 Qc7 23. Qf3 Bd6 24. Rxe8 Rxe8 25. Rd1 Be5 26. h4 Bxb2 27. a4 Be5 28. Nf5 Rd8 29. Re1 Qa5 30. Rf1 Bxf5 31. Qxf5 Bh2+ 0-1

[Event "Madrid-ch Previa-A"]
[Site "Madrid"]
[Date "2025.02.12"]
[Round "6.24"]
[White "Carbo de Haya, Jaime"]
[Black "Camarero Izquierdo, Juan Carlos"]
[Result "0-1"]
[WhiteElo "1622"]
[BlackElo "1936"]
[PlyCount "74"]
[GameId "2152597921251590"]
[EventDate "2025.02.03"]
[EventType "swiss"]
[EventRounds "9"]
[EventCountry "ESP"]

1. e4 c5 2. d4 cxd4 3. c3 dxc3 4. Nxc3 e6 5. Nf3 Bb4 6. Bd2 Nf6 7. e5 Bxc3 8. Bxc3 Nd5 9. Bd2 O-O 10. Bc4 Nb6 11. Bb3 Nc6 12. O-O d5 13. exd6 Qxd6 14. Bc3 Qe7 15. Qe2 Bd7 16. Rfd1 Rad8 17. Ne5 Nxe5 18. Qxe5 f6 19. Qg3 Bc6 20. Rd4 Rxd4 21. Bxd4 Rd8 22. Be3 Kh8 23. Re1 e5 24. f4 e4 25. Qf2 Qb4 26. Rd1 Rxd1+ 27. Bxd1 Nc4 28. Bb3 Nxb2 29. Bd2 Qf8 30. Qxa7 Nd3 31. Qd4 h6 32. Bc2 Qa3 33. Qd8+ Kh7 34. Bb3 Qc5+ 35. Kh1 Nf2+ 36. Kg1 Nh3+ 37. Kh1 Qg1# 0-1

[Event "Madrid-ch Previa-A"]
[Site "Madrid"]
[Date "2025.02.12"]
[Round "6.25"]
[White "Barahona Torrijos, Angel"]
[Black "Huerta Navarro, Eusebio"]
[Result "1-0"]
[WhiteElo "1828"]
[BlackElo "1772"]
[PlyCount "65"]
[GameId "2152598622904607"]
[EventDate "2025.02.03"]
[EventType "swiss"]
[EventRounds "9"]
[EventCountry "ESP"]

1. e4 e6 2. d4 d5 3. Nc3 dxe4 4. Nxe4 Bd7 5. Bd3 Be7 6. Nf3 Nf6 7. O-O Nxe4 8. Bxe4 Bc6 9. Bd3 Nd7 10. c4 Bxf3 11. Qxf3 c6 12. Bd2 Nf6 13. Bc3 Qc7 14. Rfe1 O-O 15. Rad1 h5 16. d5 cxd5 17. cxd5 Ng4 18. g3 Bf6 19. h3 Bxc3 20. bxc3 Nf6 21. d6 Qd7 22. Re5 Qc6 23. Qxc6 bxc6 24. Rc5 Rfd8 25. Rxc6 Nd5 26. c4 Nb4 27. Rc7 Kf8 28. Be4 Rac8 29. Rb1 a5 30. a3 f5 31. Bb7 Rb8 32. axb4 Rxd6 33. bxa5 1-0

[Event "Madrid-ch Previa-A"]
[Site "Madrid"]
[Date "2025.02.12"]
[Round "6.26"]
[White "Diaz Del Prado, Carlos"]
[Black "Hetz, Robert"]
[Result "0-1"]
[WhiteElo "1597"]
[BlackElo "1825"]
[PlyCount "94"]
[GameId "2152603527618882"]
[EventDate "2025.02.03"]
[EventType "swiss"]
[EventRounds "9"]
[EventCountry "ESP"]

1. d4 d5 2. Nf3 Nf6 3. e3 Bf5 4. Bd3 Bxd3 5. Qxd3 e6 6. Nbd2 c6 7. O-O Be7 8. c4 O-O 9. c5 Nbd7 10. a3 a5 11. e4 dxe4 12. Nxe4 Nxe4 13. Qxe4 Nf6 14. Qe2 Qd5 15. Be3 Rfd8 16. Rfd1 Qh5 17. h3 Rd5 18. Rd2 Rad8 19. Ne5 Qxe2 20. Rxe2 Bxc5 21. Nxf7 Kxf7 22. dxc5 Rd1+ 23. Rxd1 Rxd1+ 24. Kh2 Nd5 25. Bd2 Rb1 26. Bxa5 h5 27. g3 g6 28. Rc2 e5 29. Re2 Kf6 30. h4 Kf5 31. Kg2 Rc1 32. Bb4 Nxb4 33. axb4 Rc4 34. Kh3 Rxb4 35. Rc2 Ke4 36. Kg2 Kd5 37. Kf3 Rb3+ 38. Ke2 e4 39. Kd2 Rf3 40. Ke2 Kd4 41. Rc1 Rb3 42. Rc2 Rb5 43. Kd2 Rxc5 44. Rxc5 Kxc5 45. Kc3 Kd5 46. b3 c5 47. Kc2 Kd4 0-1

[Event "Madrid-ch Previa-A"]
[Site "Madrid"]
[Date "2025.02.12"]
[Round "6.27"]
[White "Calle Trueba, Jose Antonio"]
[Black "Vukotic Jovsic, Dragan"]
[Result "0-1"]
[WhiteElo "1590"]
[BlackElo "1812"]
[PlyCount "78"]
[GameId "2152604504523089"]
[EventDate "2025.02.03"]
[EventType "swiss"]
[EventRounds "9"]
[EventCountry "ESP"]

1. e4 c5 2. Nc3 Nc6 3. f4 e6 4. Nf3 d5 5. exd5 exd5 6. Bb5 d4 7. Bxc6+ bxc6 8. Ne2 Nf6 9. d3 Bg4 10. O-O Bd6 11. Qe1 O-O 12. h3 Be6 13. Ne5 Qc7 14. Qg3 Rfe8 15. Qg5 Bd5 16. c4 dxc3 17. Nxc3 h6 18. Nxd5 cxd5 19. Qg3 Bxe5 20. fxe5 Qxe5 21. Bf4 Qd4+ 22. Kh1 Nh5 23. Qg4 Nxf4 24. Rxf4 Qxd3 25. Raf1 Re7 26. Qh5 f6 27. Qg4 Kh7 28. Rd1 Qe2 29. Qf5+ Kh8 30. Qxd5 Rae8 31. Rff1 Qxb2 32. Qxc5 Re2 33. Rg1 Rc2 34. Qxa7 Ree2 35. Qa8+ Kh7 36. a4 Rc3 37. Kh2 Qb3 38. Rgf1 Rxh3+ 39. Kg1 Qe3+ 0-1

[Event "Madrid-ch Previa-A"]
[Site "Madrid"]
[Date "2025.02.12"]
[Round "6.28"]
[White "Iribarren Galarza, Aritz"]
[Black "Fernandez Rios, Jose Francisco"]
[Result "1/2-1/2"]
[WhiteElo "1810"]
[BlackElo "1720"]
[PlyCount "62"]
[GameId "2152605233725791"]
[EventDate "2025.02.03"]
[EventType "swiss"]
[EventRounds "9"]
[EventCountry "ESP"]

1. e4 c5 2. Nc3 g6 3. f4 Bg7 4. Nf3 Nc6 5. Bc4 e6 6. O-O Nge7 7. Qe2 O-O 8. d3 a6 9. a4 b6 10. Kh1 Bb7 11. Bd2 Nb4 12. Be1 d5 13. Bb3 d4 14. Na2 Nxa2 15. Bxa2 Bc6 16. Ne5 Be8 17. Bh4 Qd6 18. Nc4 Qc7 19. Nxb6 Rb8 20. a5 Nc6 21. Nc4 Bd7 22. e5 f6 23. exf6 Bxf6 24. Bg3 Rbe8 25. Qg4 Kg7 26. Nb6 Nxa5 27. Nxd7 Qxd7 28. Bxe6 Qxe6 29. Qxe6 Rxe6 30. Rxa5 Be7 31. Be1 Rxf4 1/2-1/2

[Event "Madrid-ch Previa-A"]
[Site "Madrid"]
[Date "2025.02.12"]
[Round "6.29"]
[White "Forteza Ribot, Juan"]
[Black "Diez Acero, Pablo"]
[Result "1-0"]
[WhiteElo "1795"]
[BlackElo "1639"]
[PlyCount "97"]
[GameId "2152605858627949"]
[EventDate "2025.02.03"]
[EventType "swiss"]
[EventRounds "9"]
[EventCountry "ESP"]

1. e4 e5 2. Nf3 Nc6 3. Bb5 a6 4. Bxc6 dxc6 5. O-O Bd6 6. d4 Bg4 7. dxe5 Bxf3 8. Qxf3 Bxe5 9. Rd1 Qe7 10. Nc3 Nf6 11. Bf4 O-O 12. Bxe5 Qxe5 13. Re1 Rfe8 14. Rad1 h5 15. h3 Re6 16. Qe3 Rae8 17. f4 Qa5 18. e5 Nd5 19. Nxd5 cxd5 20. Qb3 Qc5+ 21. Kh1 c6 22. Rd3 Qf2 23. Rde3 Qxf4 24. Qxb7 Rxe5 25. Rxe5 Rxe5 26. Rxe5 Qxe5 27. Qxa6 Qxb2 28. Qxc6 Qxa2 29. Qe8+ Kh7 30. Qxf7 Qa1+ 31. Kh2 Qe5+ 32. Kg1 d4 33. Qf3 Kh6 34. Kf2 Qc5 35. Qf4+ Kh7 36. Qe4+ g6 37. Ke2 Qc4+ 38. Kd1 Qf1+ 39. Kd2 Qf2+ 40. Kd3 Kh6 41. Qf3 Qg1 42. g4 h4 43. Qf4+ Kg7 44. Qxd4+ Qxd4+ 45. Kxd4 Kf6 46. Ke4 Ke6 47. Kf4 Kf6 48. g5+ Ke6 49. Kg4 1-0

[Event "Madrid-ch Previa-A"]
[Site "Madrid"]
[Date "2025.02.12"]
[Round "6.31"]
[White "Villodre Miranda, Juan Alonso"]
[Black "Vasquez Escobar, Andres Eloy"]
[Result "1-0"]
[WhiteElo "1698"]
[BlackElo "1579"]
[PlyCount "33"]
[GameId "2152676638175378"]
[EventDate "2025.02.03"]
[EventType "swiss"]
[EventRounds "9"]
[EventCountry "ESP"]

1. c4 Nf6 2. Nc3 e6 3. d4 d5 4. cxd5 Nxd5 5. g3 Be7 6. Bg2 O-O 7. e3 Nc6 8. Nf3 Bf6 9. O-O b6 10. e4 Nxc3 11. bxc3 Bb7 12. e5 Be7 13. Nh4 Na5 14. Bxb7 Nxb7 15. Qh5 Na5 16. Qg4 Rb8 17. Qe4 1-0

[Event "Madrid-ch Previa-A"]
[Site "Madrid"]
[Date "2025.02.12"]
[Round "6.32"]
[White "De Juan Rivas, Antonio"]
[Black "Santos Rodriguez, Jose"]
[Result "0-1"]
[WhiteElo "1647"]
[BlackElo "1710"]
[PlyCount "62"]
[GameId "2152683240423587"]
[EventDate "2025.02.03"]
[EventType "swiss"]
[EventRounds "9"]
[EventCountry "ESP"]

1. d4 d5 2. Nf3 Nf6 3. Bf4 c5 4. e3 e6 5. Nbd2 Nc6 6. c3 Qb6 7. Rb1 cxd4 8. exd4 Qd8 9. Bd3 Bd6 10. Ne5 Qc7 11. Bb5 O-O 12. Ndf3 Ne4 13. Bd3 f6 14. Nxc6 Bxf4 15. Nb4 a5 16. Nc2 e5 17. O-O Nd6 18. dxe5 fxe5 19. Be2 Be6 20. g3 Qf7 21. gxf4 Bh3 22. Ng5 Qg6 23. Qxd5+ Kh8 24. Qd3 Bf5 25. Qd1 Bxc2 26. Qd5 Bxb1 27. Qxe5 Rae8 28. Bh5 Qxh5 29. Qxd6 h6 30. Rxb1 Qg4+ 31. Kf1 hxg5 0-1

[Event "Madrid-ch Previa-A"]
[Site "Madrid"]
[Date "2025.02.12"]
[Round "6.33"]
[White "Perez de las Penas, Jorge Ivan"]
[Black "Quintans Cunha, Guillerme"]
[Result "0-1"]
[WhiteElo "1620"]
[BlackElo "1685"]
[PlyCount "54"]
[GameId "2152694510932145"]
[EventDate "2025.02.03"]
[EventType "swiss"]
[EventRounds "9"]
[EventCountry "ESP"]

{[%evp 0,48,11,12,-7,15,-28,19,22,22,13,-5,-4,-4,-9,-19,-35,-31,-18,-26,-7,-52,-121,-72,-67,-78,-45,-9,1,30,23,-107,126,-55,62,30,31,74,44,42,12,47,176,127,198,139,-6,149,131,146,-36]} 1. e4 e5 2. Nf3 Nc6 3. Bc4 Bc5 4. O-O Nf6 5. d4 Bxd4 6. Nxd4 Nxd4 7. c3 Nc6 8. Bg5 O-O 9. Qf3 d6 10. Bxf6 Qxf6 11. Qxf6 gxf6 12. Nd2 f5 13. f4 exf4 14. Rxf4 Ne5 15. exf5 Nxc4 16. Nxc4 f6 17. Raf1 Rf7 18. Ne3 b6 19. Ng4 Kf8 20. R1f3 Rg7 21. Nxf6 Bb7 22. Rf2 Kf7 23. Nh5 Rg5 24. Ng3 Re8 25. Ne2 Bxg2 26. Ng3 Bh3 27. Re4 Rxe4 0-1

[Event "Madrid-ch Previa-A"]
[Site "Madrid"]
[Date "2025.02.12"]
[Round "6.34"]
[White "Munoz Rodriguez, Blas"]
[Black "Goday Rivas, Alvaro"]
[Result "1-0"]
[WhiteElo "1683"]
[BlackElo "1538"]
[PlyCount "173"]
[GameId "2152696072925376"]
[EventDate "2025.02.03"]
[EventType "swiss"]
[EventRounds "9"]
[EventCountry "ESP"]

1. d4 f5 2. Bf4 Nf6 3. Nc3 g6 4. e3 Bg7 5. Nf3 O-O 6. Bc4+ e6 7. Nb5 d6 8. Ng5 Qe7 9. h4 a6 10. Nc3 Nh5 11. Qf3 Kh8 12. O-O-O Nc6 13. Kb1 Bf6 14. Qe2 d5 15. Bd3 Nxd4 16. exd4 Nxf4 17. Qf3 Nxd3 18. Rxd3 Bxg5 19. hxg5 Qxg5 20. Qh3 Rf7 21. Rg3 Qf6 22. Ne2 e5 23. Qh6 Kg8 24. dxe5 Qxe5 25. Nf4 Qg7 26. Qh4 Qf6 27. Qh6 Qg7 28. Qh2 c6 29. Nxg6 Rd7 30. Ne7+ Rxe7 31. Rxg7+ Rxg7 32. Qh5 Be6 33. Qe2 Kf7 34. Rh6 Re8 35. Qe5 Bd7 36. Rf6+ Kg8 37. Qc3 Rge7 38. b3 Re1+ 39. Kb2 R1e7 40. f3 Re3 41. Qd4 R3e5 42. Qh4 R5e7 43. Qb4 Bc8 44. Qc5 Kg7 45. Rd6 Kf7 46. Qf2 Re6 47. Rxe6 Rxe6 48. Qh4 h6 49. Qh5+ Rg6 50. Kc3 Kg7 51. Qh2 Be6 52. Qc7+ Kf6 53. Qxb7 Rxg2 54. Qxc6 Rf2 55. Qxa6 Rxf3+ 56. Kb2 h5 57. Qe2 Rh3 58. a4 d4 59. Qg2 Re3 60. a5 d3 61. Qd2 f4 62. cxd3 Bg4 63. Qc3+ Kg5 64. a6 Re2+ 65. Ka3 f3 66. Qc1+ Kh4 67. a7 Re8 68. Qg1 Rf8 69. Qf2+ Kh3 70. b4 Be6 71. b5 Bd5 72. Kb4 Rc8 73. Ka5 Rc1 74. Kb6 Ra1 75. Kc7 Rc1+ 76. Kb8 Ra1 77. b6 Rb1 78. a8=Q Bxa8 79. Kxa8 Rxb6 80. Qxb6 Kg2 81. Qg6+ Kf2 82. Qxh5 Ke3 83. Qf5 f2 84. Qxf2+ Kxf2 85. d4 Ke3 86. d5 Ke4 87. d6 1-0

[Event "Madrid-ch Previa-A"]
[Site "Madrid"]
[Date "2025.02.12"]
[Round "6.35"]
[White "Lopez Manso, Jeronimo"]
[Black "Yaniz Lana, Francisco Javier"]
[Result "0-1"]
[WhiteElo "1528"]
[BlackElo "1716"]
[PlyCount "144"]
[GameId "2152706676691186"]
[EventDate "2025.02.03"]
[EventType "swiss"]
[EventRounds "9"]
[EventCountry "ESP"]

1. f4 d5 2. Nf3 Nf6 3. e3 Nc6 4. c4 e6 5. b3 Be7 6. Bb2 O-O 7. d3 Ng4 8. Qe2 dxc4 9. bxc4 Nb4 10. Nd4 e5 11. fxe5 c5 12. Nf3 Nxe3 13. Na3 Qa5 14. Nd2 Nbc2+ 15. Kf2 Ng4+ 16. Kg3 Nxa1 17. Qd1 Qd8 18. Ne4 Bh4+ 19. Kf3 Nh6 20. h3 b6 21. g3 Be7 22. Bg2 Bb7 23. Kf2 Bxe4 24. Bxe4 Rb8 25. Kg2 Bg5 26. Bxa1 Be3 27. Nc2 Bd4 28. Nxd4 cxd4 29. Qg1 Qg5 30. Bxd4 Qd2+ 31. Qf2 Qxf2+ 32. Bxf2 Rfe8 33. d4 Rbc8 34. Rc1 Kf8 35. Be3 Ng8 36. h4 Ne7 37. Bxh7 Nc6 38. Bb1 f6 39. Bg1 fxe5 40. d5 Nd4 41. Rd1 Rxc4 42. Be3 Ke7 43. Bd3 Rc5 44. Be4 Ra5 45. Rd2 Ra4 46. Kh3 Rc8 47. h5 Rc3 48. Bg5+ Kd6 49. Rf2 Raa3 50. Bh4 Nf3 51. Bd8 Kd7 52. Bh4 Nxh4 53. Kxh4 Ke7 54. g4 Rc4 55. Bg6 Raa4 56. Bf5 Rd4 57. Be6 Rf4 58. Re2 Rac4 59. Rb2 e4 60. Kg5 Rf6 61. Re2 a5 62. Rb2 Rb4 63. Rc2 Rxe6 64. dxe6 Kxe6 65. Kg6 e3 66. g5 Rg4 67. Re2 Rg3 68. h6 gxh6 69. Kxh6 Ke5 70. Kh7 Kf4 71. g6 Kf3 72. Rb2 e2 0-1

[Event "Madrid-ch Previa-A"]
[Site "Madrid"]
[Date "2025.02.17"]
[Round "7.1"]
[White "Blazquez Sanz, Oscar"]
[Black "Nunez Munoz, Jesus"]
[Result "1-0"]
[WhiteElo "1980"]
[BlackElo "1996"]
[PlyCount "161"]
[GameId "2152792704770161"]
[EventDate "2025.02.03"]
[EventType "swiss"]
[EventRounds "9"]
[EventCountry "ESP"]

1. e4 c6 2. c4 d5 3. exd5 cxd5 4. cxd5 Nf6 5. Qa4+ Nbd7 6. Nc3 g6 7. g3 Bg7 8. Bg2 O-O 9. Nge2 a6 10. d4 b5 11. Qb3 Bb7 12. O-O Nb6 13. Nf4 Qd6 14. a4 b4 15. a5 bxc3 16. axb6 g5 17. Nd3 cxb2 18. Bxb2 Bxd5 19. Bxd5 Nxd5 20. b7 Rab8 21. Nc5 Nc7 22. Ra4 Rfd8 23. Rfa1 Qc6 24. Rc1 Qd6 25. Qc4 Qd5 26. Qxd5 Rxd5 27. Nxa6 Rxb7 28. Nxc7 Rd7 29. Ra8+ Bf8 30. Na6 Rxb2 31. Rcc8 Rxd4 32. Rxf8+ Kg7 33. Nc5 Rc2 34. Rac8 Rd1+ 35. Kg2 Rdc1 36. Rg8+ Kh6 37. Rc6+ e6 38. Rgc8 Kg6 39. Nd3 Rxc6 40. Rxc6 Rd1 41. Ne5+ Kf6 42. Ng4+ Kg6 43. Rc7 Re1 44. f4 gxf4 45. gxf4 Kf5 46. Kf3 Rf1+ 47. Nf2 Kg6 48. Rd7 Ra1 49. Nd3 Rf1+ 50. Kg2 Ra1 51. Ne5+ Kf5 52. Rxf7+ Ke4 53. Nc4 Ra8 54. Nd2+ Ke3 55. Nf1+ Ke4 56. Ng3+ Ke3 57. f5 exf5 58. Rxf5 Rg8 59. Rf3+ Kd4 60. Rf7 h6 61. Re7 Kd5 62. Kh3 Rg6 63. Kh4 Ra6 64. Nf5 Rf6 65. Ng3 Ra6 66. Re2 Rf6 67. Kh5 Kd4 68. h4 Kd3 69. Re8 Rf3 70. Rg8 Rf4 71. Rg4 Rf6 72. Rg6 Rf4 73. Rxh6 Ke3 74. Ra6 Rf8 75. Ra4 Kf3 76. Nf1 Kf2 77. Nd2 Ke3 78. Nb3 Kf3 79. Nd4+ Kg3 80. Ne2+ Kf3 81. Rf4+ 1-0

[Event "Madrid-ch Previa-A"]
[Site "Madrid"]
[Date "2025.02.17"]
[Round "7.2"]
[White "Vazquez Gonzalez, Francisco"]
[Black "Pulido Gomez, Pablo"]
[Result "1/2-1/2"]
[WhiteElo "1965"]
[BlackElo "1913"]
[PlyCount "103"]
[GameId "2152794821132441"]
[EventDate "2025.02.03"]
[EventType "swiss"]
[EventRounds "9"]
[EventCountry "ESP"]

1. e4 c6 2. c3 d5 3. e5 Bf5 4. d4 e6 5. Nf3 c5 6. Be3 Qb6 7. Qd2 Nc6 8. Be2 cxd4 9. Nxd4 Nxd4 10. Bxd4 Bc5 11. Bxc5 Qxc5 12. O-O Ne7 13. a4 O-O 14. Na3 a6 15. Kh1 Nc6 16. f4 Rfd8 17. b4 Qe7 18. b5 Na5 19. Qb2 Qc7 20. Qb4 Rdc8 21. Rac1 Nc4 22. Nxc4 dxc4 23. Rfd1 Be4 24. Bxc4 a5 25. Qb3 Qc5 26. Rd4 Bd5 27. Bxd5 Qxd4 28. Bxb7 Qxf4 29. Rd1 Qxe5 30. Bxa8 Rxa8 31. Qc4 g6 32. h3 Rb8 33. Qc6 Qe2 34. Qd6 Rb7 35. Qd8+ Kg7 36. Qd4+ f6 37. c4 e5 38. Qd5 Rc7 39. c5 Rxc5 40. Qd7+ Kh6 41. Qd2+ Qxd2 42. Rxd2 Rc1+ 43. Kh2 Rb1 44. Rd6 Kg5 45. h4+ Kf5 46. g4+ Kxg4 47. Rxf6 Rb2+ 48. Kg1 Kxh4 49. Re6 Kg4 50. Rxe5 Kf4 51. Re7 Kf5 52. Rf7+ 1/2-1/2

[Event "Madrid-ch Previa-A"]
[Site "Madrid"]
[Date "2025.02.17"]
[Round "7.3"]
[White "Martin Rodriguez, Emilio"]
[Black "Moreno Torrero, Javier"]
[Result "0-1"]
[WhiteElo "1939"]
[BlackElo "1900"]
[PlyCount "106"]
[GameId "2153009887522928"]
[EventDate "2025.02.03"]
[EventType "swiss"]
[EventRounds "9"]
[EventCountry "ESP"]

1. d4 Nf6 2. Nf3 g6 3. Bg5 Ne4 4. Bh4 Bg7 5. e3 d5 6. Nbd2 c5 7. c3 cxd4 8. exd4 Nc6 9. Bd3 Nxd2 10. Qxd2 O-O 11. O-O Qb6 12. Rfe1 Re8 13. b4 Bg4 14. Ne5 Nxe5 15. dxe5 Rac8 16. Rac1 Bd7 17. c4 dxc4 18. Rxc4 Rcd8 19. a3 Bf5 20. Rc3 Rd4 21. Bg5 Red8 22. Bxe7 Rxd3 23. Bxd8 Qxd8 24. Rxd3 Qxd3 25. Qxd3 Bxd3 26. Rd1 Bb5 27. Rd8+ Bf8 28. Rb8 Bc6 29. b5 Bxb5 30. Rxb7 a6 31. Rb8 Kg7 32. Rb7 Bxa3 33. e6 Kf6 34. exf7 Be7 35. f8=Q+ Bxf8 36. Rxh7 Be7 37. Rh8 a5 38. Rb8 Bc4 39. Ra8 Bb4 40. h4 Bb3 41. Rb8 Bc2 42. Rb5 Bf5 43. f3 Bd7 44. Rb6+ Kf7 45. Rb7 Ke6 46. Rb6+ Bd6 47. Ra6 a4 48. g4 a3 49. h5 gxh5 50. gxh5 Bb5 51. Ra5 Bc4 52. h6 Kf7 53. Ra7+ Kg8 0-1

[Event "Madrid-ch Previa-A"]
[Site "Madrid"]
[Date "2025.02.17"]
[Round "7.4"]
[White "Lorenzo Bailador, Alfredo"]
[Black "Melgar Morraja, Mateo"]
[Result "1/2-1/2"]
[WhiteElo "1927"]
[BlackElo "1812"]
[PlyCount "79"]
[GameId "2153011613081745"]
[EventDate "2025.02.03"]
[EventType "swiss"]
[EventRounds "9"]
[EventCountry "ESP"]

1. e4 e6 2. d4 d5 3. e5 c5 4. c3 Nc6 5. Nf3 Qb6 6. Be2 cxd4 7. cxd4 Nge7 8. Nc3 Nf5 9. Na4 Qc7 10. g4 Nfe7 11. Be3 h5 12. g5 Nf5 13. g6 f6 14. Rc1 Nxe3 15. fxe3 Bb4+ 16. Kf2 Rf8 17. Kg2 Qe7 18. a3 Ba5 19. exf6 Qxf6 20. Bd3 e5 21. dxe5 Nxe5 22. Rf1 Ng4 23. Bb5+ Ke7 24. Kh1 Be6 25. Qe2 Qxg6 26. b4 Bd8 27. Bd3 Qh6 28. Nc5 Rf6 29. Nd4 Bd7 30. Rxf6 Qxf6 31. Nxd7 Kxd7 32. Bf5+ Ke8 33. Bxg4 hxg4 34. Qxg4 Bb6 35. Qh5+ Qf7 36. Qh8+ Qf8 37. Qh5+ Qf7 38. Qh8+ Qf8 39. Qh3 Qe7 40. Qh8+ 1/2-1/2